000
00275nam a2200109Ia 4500
008
230907s9999||||xx |||||||||||||| ||und||
082
_a
621.406
_b
HAN
245
0
_a
Handbook of turbomachinery /
260
_a
Marcel Dekker,
_b
New York :
_c
2018
300
_a
907 p.
942
_c
BK
999
_c
601411
_d
601411